Responses for show #8002 - Tuesday, May 28, 2019

James Holzhauer game 29.

Contestants

[<< previous game]

Sara Feeney, a stay-at-home mom from Livonia, Michigan

Jim-Bob Williams, a therapeutic humorist from St. Albans, West Virginia

James Holzhauer, a professional sports gambler from Las Vegas, Nevada (whose 28-day cash winnings total $2,195,557)

[next game >>]

Jeopardy! Round responses

HEAVY SCIENCE
4-LETTER FILL IN THE BLANK
AD SLOGANS
THE EASTERN SEABOARD
GROUP NAMES OF ANIMALS
IT'S TIME FOR DODGER BASEBALL!
    $200 20
metals

Sara
    $200 30
the wall

Jim-Bob
    $200 27
Subway

James
    $200 29
Narragansett

Jim-Bob
    $200 25
peacocks

Sara
    $200 26
a Cy Young Award

Sara
    $400 21
hydrogen

James
    $400 19
fire

Sara
    $400 28
"Just do it"

James
    $400 23
Myrtle Beach

James
    $400 24
cheetahs

James
    $400 14
the Angels

James
    $600 22
goliath

James
    $600 18
lips

Jim-Bob
    $600 17
"Finger-lickin' good"

James
    $600 16
Savannah

James
    $600 15
a band

James
    $600 13
Magic Johnson

Jim-Bob
    $800 9
accelerators

Jim-Bob
    $800 10
cart

James
    $800 11
L'Oreal

James
    $1,000 3
Manchester

Jim-Bob
    $800 12
ravens

Jim-Bob
    $800 5
an infield

James
    $1000 8
Saturn

James
    $1000 7
hope

James
    $1000 6
De Beers

James
    $1000 2
Long Island Sound

Jim-Bob
    $1000 4
a parliament

James
    $1000 1
Fernando Valenzuela

James

Scores at the first commercial break (after clue 15):

James Jim-Bob Sara
$8,400 $4,200 $0

Scores at the end of the Jeopardy! Round:

James Jim-Bob Sara
$12,000 $5,200 $1,000

Double Jeopardy! Round responses

TIME ZONES
SOLITARY SINGERS
1950s PEOPLE
"B" SPOKE SHAKESPEARE
IN THE BACKYARD
LET'S MAKE A TREE
    $400 30
Greenwich Mean Time

Jim-Bob
    $400 29
Whitney Houston

James
    $400 26
Einstein

Jim-Bob
    $400 18
Brutus

Jim-Bob
    $400 27
koi

James
    $400 23
(Alex: From soak.)

oak

Sara
    $800 14
Ramadan

James
    $800 28
cry

James
    $800 25
Joe McCarthy

James
    $800 17
Banquo

Sara
    $800 24
a she shed

Jim-Bob
    $800 22
poplar

James
    $1200 13
10 p.m.

Jim-Bob
    $1200 10
The Black Keys

James
    $1200 5
Mad

James
    $1200 16
Beatrice

Sara
    $1200 20
Cousin Itt

James
    $1200 21
(Alex: From dash.)

ash

Sara
    $1600 12
Sweden and Finland

James
    $1600 9
Robyn

James
    $1600 6
Maria Callas

James
    $3,000 2
Bianca

Sara
    $1600 19
the Sunbrella

Triple Stumper
    $1600 4
(Alex: From helm.)

elm

James
    $2000 11
Saint-Pierre

James
    $2000 8
Carly Rae Jepsen

James
    $11,381 7
[ERRATUM: "Unopposed" is misspelled in the clue.]

(Fulgencio) Batista

James
    $2000 1
Benvolio

Sara
    $2000 15
a pergola

Triple Stumper
    $2000 3
(Alex: Oliver Cromwell.)

olive

Sara

Scores at the end of the Double Jeopardy! Round:

James Jim-Bob Sara
$41,381 $8,400 $11,600
(lock game)

[wagering suggestions for these scores]

Final Jeopardy! Round responses

ANIMATED CHARACTERS
Jim-BobWho is Aquaman?
$8,390
SaraWho is Spongebob Squarepan Squarepants?
$5,201
JamesWho is Spongebob Squarepants?
$18,000
SpongeBob SquarePants

Final scores:

James Jim-Bob Sara
$59,381 $10 $16,801
29-day champion: $2,254,938 3rd place: $1,000 2nd place: $2,000

Game dynamics:

Coryat scores:

James Jim-Bob Sara
$32,000 $8,200 $10,200
34 R
(including 1 DD),
0 W
13 R
(including 1 DD),
0 W
11 R
(including 1 DD),
0 W

Combined Coryat: $50,400

The J! Archive is created by fans, for fans. The Jeopardy! game show and all elements thereof, including but not limited to copyright and trademark thereto, are the property of Jeopardy Productions, Inc. and are protected under law. This website is not affiliated with, sponsored by, or operated by Jeopardy Productions, Inc. Join the discussion at JBoard.tv.